000 01005nam a22002537a 4500
001 5615
003 FISKH
005 20241220111918.0
008 241220b cb ||||| |||| 00| 0 eng d
020 _a9780439993449
040 _aFISKH
_beng
_cFISKH
_dFISKH
050 _aPN6371.5
082 _a793.73
100 _aPilkey, Dav
245 _aThe captain underpants extra-crunchy book o' fun /
_cBy Dav Pilkey
260 _aNew York :
_bScholastic ;
_c2001.
300 _a96 pages :
_billustrations ;
_c20 cm .
490 _aCaptain Underpants
_vBook O'Fun 1
520 _aGeorge and Harold are back for more fun and games with their wedgie-powered superhero, Captain Underpants! Join George and Harold as they play pranks on Mr. Krupp and get caught in some very puzzling situations. They will also show you how to make your own comic books using the technique of flip-o-rama.
650 _aCaptain Underpants
_vFiction
650 _asuperheroes
_vFiction
942 _2ddc
_cBK
_n0
999 _c5615
_d5615